000 00400nam a2200181Ia 4500
005 20250603145446.0
008 250603s9999 xx 000 0 und d
020 _a9789351110361
050 _aTN 870 .R36/
100 _aRam, Tilak
245 0 _aOil wealth
260 _aNew Delhi
260 _bRandom Publications
260 _c2013
300 _a296 p
650 _aNew Delhi
942 _cBK
999 _c41919
_d41919